000
00330nam a22001457a 4500
003
SGT
020
_a
9788174368447
082
_a
350.954
_b
V11M
100
_a
MAINI, S.K.
245
_a
VISIONARY OF MODERN INDIA: MADAN MOHAN MALVIYA
260
_b
ROLI BOOKS
_c
2011
300
_a
232
650
_a
SOCIAL SCIENCE
942
_2
ddc
_c
BK
999
_c
27708
_d
27708